书目信息 |
| 题名: |
考研数学数学一10年真题点评
|
|
| 作者: | 陈文灯 主编 ;陈启浩 副主编 | |
| 分册: | ||
| 出版信息: | 北京 北京理工大学出版社 2007.02 |
|
| 页数: | 198页 | |
| 开本: | 26cm | |
| 丛书名: | ||
| 单 册: | ||
| 中图分类: | O13-44 | |
| 科图分类: | ||
| 主题词: | 高等数学--解题--研究生--入学考试--升学参考资料 , 高等数学 | |
| 电子资源: | ||
| ISBN: | 978-7-5640-0707-2 | |
| 000 | 00977nam0 2200265 450 | |
| 001 | 070730001076 | |
| 005 | 20110617140854.18 | |
| 010 | @a978-7-5640-0707-2@dCNY18.00 | |
| 035 | @a003105970 | |
| 100 | @a20070717d2007 em y0chiy0110 ea | |
| 101 | 0 | @achi |
| 102 | @aCN@b110000 | |
| 105 | @ay zq 000yy | |
| 200 | 1 | @a考研数学数学一10年真题点评@Akao yan shu xue shu xue yi 10 nian zhen ti dian ping@f陈文灯主编@FChen Wen Deng Zhu Bian@g陈启浩副主编 |
| 210 | @a北京@c北京理工大学出版社@d2007.02 | |
| 215 | @a198页@d26cm | |
| 300 | @a知识树考研 2008考研白皮书系 文登培训学校指定用书 | |
| 330 | @a本书包括了1997~2006年十年的考研数学真题,并对其进行了详尽的点评。书中对2004和2005年真题中的解答题标明了参考的评分标准。 | |
| 606 | 0 | @a高等数学@x解题@x研究生@x入学考试@j升学参考资料 |
| 606 | 0 | @a高等数学 |
| 690 | @aO13-44@v4 | |
| 701 | 0 | @a陈文灯@AChen Wen Deng@c(教授)@4主编 |
| 702 | 0 | @a陈启浩@AChen Qi Hao@4副主编 |
| 801 | 0 | @aCN@c20110617 |
| 905 | @dO13-44@eC5807 | |
| 考研数学数学一10年真题点评/陈文灯主编/陈启浩副主编.-北京:北京理工大学出版社,2007.02 |
| 198页;26cm |
| 知识树考研 2008考研白皮书系 文登培训学校指定用书 |
| ISBN 978-7-5640-0707-2:CNY18.00 |
| 本书包括了1997~2006年十年的考研数学真题,并对其进行了详尽的点评。书中对2004和2005年真题中的解答题标明了参考的评分标准。 |
| ● |
| 相关链接 |
|
|
|
正题名:考研数学数学一10年真题点评
索取号:O13-44/C5807
 
预约/预借
| 序号 | 登录号 | 条形码 | 馆藏地/架位号 | 状态 | 备注 |
| 1 | 465545 | 204655453 | 自科库401/ [索取号:O13-44/C5807] | 在馆 | |
| 2 | 465703 | 204657031 | 自科库401/401自科库 108排8列6层/ [索取号:O13-44/C5807] | 在馆 | |
| 3 | 652503 | 206525036 | 自科库401/401自科库 108排8列6层/ [索取号:O13-44/C5807] | 在馆 | |
| 4 | 652504 | 206525045 | 自科库401/ [索取号:O13-44/C5807] | 在馆 | |
| 5 | 652505 | 206525054 | 自科库401/ [索取号:O13-44/C5807] | 在馆 | |
| 6 | 652506 | 206525063 | 自科库401/401自科库 108排8列6层/ [索取号:O13-44/C5807] | 在馆 | |
| 7 | 652507 | 206525072 | 自科库401/ [索取号:O13-44/C5807] | 在馆 | |
| 8 | 652508 | 206525081 | 自科库401/401自科库 108排8列6层/ [索取号:O13-44/C5807] | 在馆 | |
| 9 | 652509 | 206525090 | 自科库401/ [索取号:O13-44/C5807] | 在馆 | |
| 10 | 652510 | 206525107 | 自科库401/401自科库 108排8列6层/ [索取号:O13-44/C5807] | 在馆 | |
| 11 | 652511 | 206525116 | 自科库401/ [索取号:O13-44/C5807] | 在馆 | |
| 12 | 652512 | 206525125 | 自科库401/ [索取号:O13-44/C5807] | 在馆 |